50 Fattest US Cities Quiz Stats

 Plays Quiz not verified by Sporcle

Score 0/50 Timer 06:00
0 Plays Today
Rank City % Correct
4Dallas
98.6%
9Houston
96.8%
7San Antonio
90%
5Memphis
88.1%
37Jackson
87.2%
8Baltimore
84.9%
15Philadelphia
84.9%
22Chicago
84.9%
49St. Louis
84.9%
6Kansas City
84%
17Oklahoma City
84%
24Indianapolis
84%
27Detroit
84%
2Charleston
82.6%
44Pittsburgh
82.2%
3El Paso
81.7%
18New Orleans
81.7%
12Jacksonville
80.4%
20Las Vegas
80.4%
46Los Angeles
80.4%
47Raleigh
80.4%
32Orlando
77.2%
14Buffalo
76.7%
10Birmingham
75.8%
39Des Moines
75.3%
Rank City % Correct
34Milwaukee
74.9%
42Newark
74.9%
35Anchorage
73.1%
36Tampa
72.6%
41Madison
72.6%
45Richmond
72.6%
31Tulsa
72.1%
50Sacramento
69.4%
28Montgomery
68.5%
19Jersey City
68%
40Cheyenne
67.6%
38Columbia
64.4%
25Lexington
63.9%
26Billings
63%
33Fargo
63%
21Wichita
62.6%
11Durham
61.6%
29Toledo
57.5%
30Fresno
57.5%
1Corpus Christi
53.4%
23Fort Wayne
51.1%
13Lubbock
46.6%
43Bakersfield
44.7%
16Riverside
41.6%
48Modesto
22.4%

You're not logged in!

Compare scores with friends on all Sporcle quizzes.
OR
Log In

Show Comments

Extras

Top Quizzes Today


Score Distribution

Your Account Isn't Verified!

In order to create a playlist on Sporcle, you need to verify the email address you used during registration. Go to your Sporcle Settings to finish the process.

Report this User

Report this user for behavior that violates our Community Guidelines.

Details: